| 000 | 00449nam a2200169Ia 4500 | ||
|---|---|---|---|
| 008 | 230524s9999 xx 000 0 und d | ||
| 082 |
_a650.014 _bCHO |
||
| 100 | _aNimit Chowdhary | ||
| 245 | 0 | _aMarketing of Services (Textbook of ): The Indian Experience | |
| 250 | _aIST | ||
| 260 |
_aNEW DELHI _bMacmillan _c2009 |
||
| 300 | _aXIII;437 | ||
| 500 | _aQuantity Number: 2 | ||
| 650 | _aManagement | ||
| 700 | _a Monika Chowdhary | ||
| 942 | _cBK | ||
| 999 |
_c46810 _d46810 |
||